00386nam a2200133Ia 45000010005000000080041000050820022000461000054000682450057001222600024001795900007002039010027002109990015002372733241024s9999 xx 000 0 und d aRD/371.26/R426m/1 aRepública Dominicana. Ministerio de Educación 0aMarco Teórico conceptual de las Pruebas Nacionales bSanto Domingoc2012 asi a14/1/2013 2:20:46 p.m. c8863d8863